000 00362nam a2200145Ia 4500
008 230917s9999||||xx |||||||||||||| ||und||
040 _e54558
_aMAIN
041 _aEnglish
082 _a785 K898A
100 _aMurthy, K Krishna
245 0 _aArchaeology of Indian musical instruments
260 _aDelhi
_bSundeep
_c1985
300 _axiv, 107 p.
942 _cBK
999 _c47442
_d47442